000 00351nam a2200145Ia 4500
005 20251222153623.0
008 251222s9999||||xx |||||||||||||| ||spa||
020 _a8489369011
082 _a659/F43
100 _aFerrer Roselló, Clemente
245 0 _aLos Peces Gordos de la Publicidad
250 _a1ra. ed.
264 _bEdimarco
942 _cLIB
999 _c32059
_d32059